000 01829cam a22005054i 4500
003 PE-LiUPU
005 20250731165354.0
008 150617s r 000 0 d
035 _a(Sirsi) a12878
040 _aPE-LiUPU
_bspa
_cPE-LiUPU
_erda
049 _aPRUA
082 0 4 _a020.8
_bB
_221
100 1 _aLitton, Gaston,
_eautor.
245 1 0 _aCómo se forma una colección /
_cGaston Litton.
264 1 _aArgentina :
_bBouker,
_c1970.
300 _a158 páginas ;
_c17 cm
336 _atext
_2rdacontent
337 _aunmediated
_2rdamedia
338 _avolume
_2rdacarrier
490 0 _aBreviarios del Bibliotecario ;
_v2
504 _aIncluye bibliografía.
505 0 _aLa selección del material -- Los lectores y la sselección -- La selección para diferentes tipos de biblioteca -- Bases para la evaluación del material -- Formación de las colecciones -- Herramientas bibliográficas para la selección -- La labor de adquisición -- La sección de adquisiciones -- Control de trabajo -- Asuntos varios.
526 _aSEG44
526 _aSEG26
526 _aP151
526 _aP150
526 _aP149
526 _aP146
526 _aP145
526 _aP126
526 _aP125
526 _aP92
526 _aP75
526 _aP74
526 _aP27
526 _aP15
650 0 4 _aDesarrollo de colecciones.
910 _ajck
_bjvq
_cjck
_d20150616
942 _2ddc
_cBOOK
949 _a020.8 B
_wDEWEY
_c1
_i13878
_lCCODEBUL1
_mBUL
_p00.00
_r0
_sY
_tBOOK
_u2015-04-22
_xBIBLIOTECA
_zUNKNOWN
_0COMPRA
_o.STAFF. Colección General
994 _aC0
_bPEPRU
596 _a1
999 _a020.8 B
_wDEWEY
_c3184
_i13878
_f2021-11-4
_g5
_lCCODEBUL1
_mBUL
_r0
_sY
_tBOOK
_u2015-4-22
_xBIBLIOTECA
_zUNKNOWN
_0COMPRA
_o.STAFF. Colección General
_d3184
980 _81
_gALBERTO SANCHEZ Responsable de Automatización